Statistiken für DTM-Champions

Klicken Sie hier um das Quiz zu spielen!

Allgemein

  • Dieses Quiz wurde 126 mal gespielt
  • Das Durchschnittsergebnis liegt bei 16 aus 22

Antwortstatistiken

JahrNationalitätMarkeFahrer% Korrekt
2020DeutschlandAudiRené Rast
89%
2019DeutschlandAudiRené Rast
89%
2017DeutschlandAudiRené Rast
89%
2000DeutschlandMercedes-BenzBernd Schneider
78%
2003DeutschlandMercedes-BenzBernd Schneider
78%
2006DeutschlandMercedes-BenzBernd Schneider
78%
2001DeutschlandMercedes-BenzBernd Schneider
78%
2008DeutschlandAudiTimo Scheider
77%
2009DeutschlandAudiTimo Scheider
77%
2004SchwedenAudiMattias Ekström
74%
2007SchwedenAudiMattias Ekström
74%
2015DeutschlandMercedes-BenzPascal Wehrlein
71%
2021DeutschlandMercedes-BenzMaximilian Götz
70%
2014DeutschlandBMWMarco Wittmann
69%
2016DeutschlandBMWMarco Wittmann
69%
2012KanadaBMWBruno Spengler
65%
2018GroßbritannienMercedes-BenzGary Paffett
65%
2005GroßbritannienMercedes-BenzGary Paffett
65%
2010GroßbritannienMercedes-BenzPaul di Resta
65%
2013DeutschlandAudiMike Rockenfeller
62%
2011DeutschlandAudiMartin Tomczyk
51%
2002FrankreichAudiLaurent Aïello
42%

Verteilung der Resultate

Perzentil nach korrekt beantworteten Fragen

Anzahl Personen mit jedem Resultat

Ihre Resultats-Entwicklung

Sie haben dieses Quiz noch nicht gespielt